000
00304nam a22001337a 4500
008
180917b xxu||||| |||| 00| 0 eng d
020
_a
9780077250331
041
_a
eng
080
_a
721.053
100
_a
62
101
_a
AUD
245
_a
Auditing Assurance Services
_c
Louwers.T.J
942
_2
udc
_c
BK
999
_c
47860
_d
47860